Harmonizácia ekonomických podmienok podnikania na dopravnom trhu pracovný seminár

Gespeichert in:
Bibliographische Detailangaben
Körperschaft: Harmonizácia ekonomických podmienok podnikania na dopravnom trhu. Pracovný seminár
Format: Buch
Sprache:Slowakisch
Veröffentlicht: Žilina Výskumný ústav dopravný 1997
Schlagworte:
Tags: Tag hinzufügen
Keine Tags, Fügen Sie das erste Tag hinzu!

MARC

LEADER 00000nam$a2200000$$$4500
001 0086584
005 20240104091544.8
041 0 |a slo 
044 |a SK 
245 1 0 |a Harmonizácia ekonomických podmienok podnikania na dopravnom trhu  |b pracovný seminár 
264 1 |a Žilina  |b Výskumný ústav dopravný  |c 1997 
300 |a 85 s. 
610 2 0 |a doprava 
610 2 0 |a podnikanie 
610 2 0 |a Európa 
610 2 0 |a Slovensko 
110 2 |a Harmonizácia ekonomických podmienok podnikania na dopravnom trhu. Pracovný seminár